=LDR 00000nam 2200000 4500 =001 INLIS000000000062739 =005 20230830114248 =035 ##$$a 0010-0823000402 =007 ta =008 230830###########################0###### =020 ##$$a 1411-741X =082 ##$$a 330.598 65 =084 ##$$a 330.598 65 BAN l =245 1#$$a Lporan Perekonomian Porvinsi Nusa Tenggara Barat Mei 2021 /$c Iwan Kurniawan =260 ##$$a Mataram :$b Kantor Perwakilan Bank Indonesia Provinsi Nusa Tenggara Barat,$c 2021 =300 ##$$a xv, 72 halaman ; $c 28 cm =110 ##$$a Bank Indonesia =990 ##$$a 09350935 =990 ##$$a 290/52/2023